Atatürk ve can yoldaşı Nuri Conker (Record no. 2170)

MARC details
000 -BAŞLIK
Sabit Uzunlukta Kontrol Alanı 00749na a2200265 4500
001 - KONTROL NUMARASI
Denetim Alanı 14025
003 - KONTROL NUMARASI IDENTIFIER
Denetim Alanı MIRAKIL
005 - SON İŞLEM TARİHİ VE ZAMANI
Denetim Alanı 20181213154848.0
008 - SABİT-BOY VERİ ELEMANLARI - GENEL BİLGİLER
Sabit Uzunlukta Kontrol Alanı 160823b tu 000 0
020 ## - ULUSLARARASI STANDART KİTAP NUMARASI
Uluslararası Standart Kitap Numarası 9786051063492
035 ## - SİSTEM KONTROL NUMARASI
Sistem Kontrol Numarası 14025
040 ## - KATALOGLAMA KAYNAK
Orijinal Kataloglama Ajansı Milas
Kataloglama Dili tur
Metne Dönüştürmek Ajansı TR-AnCHP
082 ## - DEWEY ONLU SINIFLANDIRMA NUMARASI
Sınıflandırma Numarası ATA 923.156
Ürün Numarası G96a 2011
090 ## - SINIFLAMA NUMARASI
Sınıflama Numarası ATA 923.156 G96a 2011
100 ## - ANA GİRİŞ - KİŞİSEL İSİM
Kişisel Ad Gürsoy, Yaşar
245 ## - BAŞLIK TABLOSU
Başlık Atatürk ve can yoldaşı Nuri Conker
Sorumluluk Tablosu, Vb Yaşar Gürsoy
260 ## - YAYIN, DAĞITIM, VB
Yayın, Dağıtım, Vb Yeri İstanbul
Yayıncı, Dağıtıcı, Vs Adı Alfa
Yayın, Dağıtım, Vb Tarihi 2011
300 ## - FİZİKSEL TANIM
Kapsam xi, 227 s.
Diğer Fiziksel Ayrıntıları fotg.
Boyutlar 21 sm.
490 ## - SERİSİ TABLOSU
Seri Beyanı Anı-Anlatı
Hacim / Ardışık Tanımı 28
490 ## - SERİSİ TABLOSU
Seri Beyanı Alfa Yayınları
Hacim / Ardışık Tanımı 2208
504 ## - KAYNAKÇA VB NOT
Kaynakça Vb Notu Kaynakça var.
600 ## - KONU KATMA GİRİŞ - KURUMSAL ADI
Kişisel Ad Conker, Nuri, 1882-1939
600 ## - KONU KATMA GİRİŞ - KURUMSAL ADI
Kişisel Ad Atatürk, Mustafa Kemal
Bir Adıyla İlişkilendirilen Tarihler 1881-1938
Genel Alt Bölümü Anılar
942 ## - EKLENDİ GİRİŞ ELEMANLARI (KOHA)
Sınıflandırma Veya Raf Düzeni Kaynak Dewey Decimal Classification
Koha Öğesi Türü Books
999 ## - SİSTEM KONTROL NUMARALARI (KOHA)
Koha Biblionumber 2170
Koha Biblioitemnumber 2170
Holdings
Kalıcı Konum Mevcut Konum Edinme Tarihi Edinim Kaynak Toplam Check-Out'Lar Tam Çağrı Numarası Barkod Tarih Son Görülme İtibaren Geçerli Fiyatlar Koha Öğesi Türü
CHP Kütüphanesi CHP Kütüphanesi 08/23/2016 Bağış   ATA 923.156 G96a 2011 001784 08/23/2016 08/23/2016 Books